Teoría francesa y francófona del lenguaje visual y pictórico.
Na minha lista:
| Formato: | Desconhecido |
|---|---|
| Idioma: | Spanish |
| Publicado em: |
La Habana, Cuba :
Casa de las Américas,
2002.
|
| Assuntos: | |
| Tags: |
Adicionar Tag
Sem tags, seja o primeiro a adicionar uma tag!
|
MARC
| LEADER | 000000000a22000000004500 | ||
|---|---|---|---|
| 001 | 009880 | ||
| 020 | |a 9592600570 | ||
| 041 | 0 | |a spa | |
| 082 | 0 | 4 | |a 840 |b N322t |
| 245 | 0 | 0 | |a Teoría francesa y francófona del lenguaje visual y pictórico. |
| 260 | 1 | |a La Habana, Cuba : |b Casa de las Américas, |c 2002. | |
| 300 | |a 240 páginas | ||
| 650 | 4 | |a LENGUAJE VISUAL | |
| 650 | 4 | |a LENGUAJE PICTORICO | |
| 650 | 4 | |a LINGUISTICA | |
| 650 | 4 | |a SEMIOLINGUISTICA (LINGUISTICA) | |
| 650 | 4 | |a SEMIOTICA | |
| 650 | 4 | |a ICONOGRAFIA | |
| 999 | |c 15875 |d 15875 | ||
| 942 | |c BK |h 840 N322t |2 z | ||



